000 00954cam a2200325 a 4500
001 59486
003 CO-BoRNBP
005 20251020170139.0
007 ta
008 020603s1990 sp rb 00011dspa d
020 _a8421722808
040 _ala
_cla
041 1 _aspa
_hita
043 _ae-it---
082 0 4 _a853.91
_bF37l
_219 ed.
100 1 _aFesta Campanile, Pasquale,
_d1927-1986.
_965707
245 1 3 _aEl ladrón /
_cPasquale Festa Campanile ; traducción Victoria Lentini.
250 _a1a. edición
300 _a248 p. ;
_c20 cm.
336 _2rdacontent
_atexto
_btxt
337 _2rdamedia
_asin mediación
_bn
338 _2rdacarrier
_avolumen
_bnc
534 _tLi ladrone.
650 7 _aNovela italiana.
_2BLAAUTO
_92688
650 7 _aLadrones
_v Novela.
_2BLAAUTO
_965708
650 7 _aBiblia
_v Biografías
_v Novela.
_2BLAAUTO
_965709
700 1 _aLentini, Victoria,
_etr.
_965710
942 _2ddc
_cBK
949 _an
_bn
999 _c59486
_d59486